<?xml version="1.0" encoding="utf-8"?>
<?xml-stylesheet type='text/xsl' href='./oai2.xsl'?>
<OAI-PMH xmlns="http://www.openarchives.org/OAI/2.0/" xmlns:xsi="http://www.w3.org/2001/XMLSchema-instance" xsi:schemaLocation="http://www.openarchives.org/OAI/2.0/ http://www.openarchives.org/OAI/2.0/OAI-PMH.xsd">
  <responseDate>2026-06-06T10:08:20Z</responseDate>
  <request verb="GetRecord" metadataPrefix="marcxml" identifier="record_kuniweb_401202">https://kulturerbe.niedersachsen.de/oai</request>
  <GetRecord>
    <record>
      <header>
        <identifier>record_kuniweb_401202</identifier>
        <datestamp>2025-08-28T09:38:22Z</datestamp>
        <setSpec>slg0183</setSpec>
      </header>
      <metadata>
        <marc:record xmlns:marc="http://www.loc.gov/MARC21/slim" xsi:schemaLocation="http://www.loc.gov/MARC21/slim http://www.loc.gov/standards/marcxml/schema/MARC21slim.xsd">
          <marc:leader>12345nkm  22     uu 4500</marc:leader>
          <marc:controlfield tag="001">401202</marc:controlfield>
          <marc:controlfield tag="003">http://kuniweb.gbv.de</marc:controlfield>
          <marc:controlfield tag="005">2025-07-03T09:33:55</marc:controlfield>
          <marc:controlfield tag="008">|           ||||||||||||||||||||||</marc:controlfield>
          <marc:datafield tag="245" ind1="1" ind2="0">
            <marc:subfield code="a">Eric Charells Wannsee-Garten</marc:subfield>
          </marc:datafield>
          <marc:datafield tag="720" ind1=" " ind2=" ">
            <marc:subfield code="a">Rudolf Levy</marc:subfield>
          </marc:datafield>
          <marc:datafield tag="655" ind1=" " ind2="7">
            <marc:subfield code="a">Malerei</marc:subfield>
          </marc:datafield>
          <marc:datafield tag="046" ind1=" " ind2=" ">
            <marc:subfield code="k">1930</marc:subfield>
            <marc:subfield code="k">um 1930 (Werkverzeichnis)</marc:subfield>
          </marc:datafield>
          <marc:datafield tag="260" ind1=" " ind2=" ">
            <marc:subfield code="g">1930</marc:subfield>
            <marc:subfield code="g">um 1930 (Werkverzeichnis)</marc:subfield>
          </marc:datafield>
          <marc:datafield tag="300" ind1=" " ind2=" ">
            <marc:subfield code="a">Höhe: 73 cm
Breite: 92,5 cm
Höhe: 87,5 cm (Rahmen)
Breite: 106,5 cm (Rahmen)
Gewicht: 10 kg
Tiefe: 9,7 cm (Rahmen)</marc:subfield>
          </marc:datafield>
          <marc:datafield tag="520" ind1=" " ind2=" ">
            <marc:subfield code="a">Querrechteckige Darstellung eines Gartengrundstücks am Wasser: Im Vordergrund links die Terrasse eines knapp angeschnittenen Hauses mit hohen Fenstern. Unter einem von zwei roten Pfosten getragenen Dach stehen zwei Korbstühle. Zwei Stufen führen in den Garten. Während rechts eine Pflasterung eine Erweiterung der Terrasse andeutet, schließt sich nach hinten direkt eine üppige Vegetation an. Ein schmaler Weg führt in die Tiefe zu einem Taubenhaus vor hohem Baum, während sich auf einer weißen Stange ein einzelner weißer Vogel (Taube?) vor dem fast wolkenlosen blauen Himmel abhebt. Rechts ist ein Stück des Sees mit einem Segelboot in der Ferne zu sehen. (Städtisches Museum Braunschweig)

Veröffentlicht in:
Lange 2009b, Taf. 65 (Farb.-Abb.).

Veröffentlicht in:
Rudolf Levy. 1875 - 1944, L'opera e l'esilio. (Ausst. Kat. Florenz, Palazzo Pitti, 2023) Mailand 2023, S. 96-97, Nr. 16.

Veröffentlicht in:
J. M. Nauhaus und J. Lange, „Die Gemäldesammlung des Städtischen Museums Braunschweig Vollständiges Bestandsverzeichnis und Verlustdokumentation“. Olms, Hildesheim; Zürich [u.a.], 2009. (S. 267, Nr. 727, u. Taf. 54 (mit älterer Lit.).)</marc:subfield>
          </marc:datafield>
          <marc:datafield tag="500" ind1=" " ind2=" ">
            <marc:subfield code="a">Kauf

05.09.1961</marc:subfield>
          </marc:datafield>
          <marc:datafield tag="650" ind1="1" ind2=" ">
            <marc:subfield code="a">Malerei</marc:subfield>
          </marc:datafield>
          <marc:datafield tag="650" ind1="1" ind2=" ">
            <marc:subfield code="a">Gemälde</marc:subfield>
          </marc:datafield>
          <marc:datafield tag="650" ind1="1" ind2=" ">
            <marc:subfield code="a">Malerei</marc:subfield>
          </marc:datafield>
          <marc:datafield tag="650" ind1="1" ind2=" ">
            <marc:subfield code="a">Berlin</marc:subfield>
          </marc:datafield>
          <marc:datafield tag="773" ind1="0" ind2=" ">
            <marc:subfield code="t">Sammlung Malerei</marc:subfield>
          </marc:datafield>
          <marc:datafield tag="852" ind1=" " ind2=" ">
            <marc:subfield code="a">Städtisches Museum Braunschweig</marc:subfield>
          </marc:datafield>
          <marc:datafield tag="" ind1=" " ind2=" ">
            <marc:subfield code="a">Namensnennung - Nicht kommerziell - Keine Bearbeitungen 4.0 International (CC BY-NC-ND 4.0)</marc:subfield>
          </marc:datafield>
        </marc:record>
      </metadata>
    </record>
  </GetRecord>
</OAI-PMH>
